Library Banner

Summer for the gods (Record no. 12481)

MARC details
000 -LEADER
fixed length control field 00387nam a2200169Ia 4500
001 - CONTROL NUMBER
control field 11612
008 - FIXED-LENGTH DATA ELEMENTS--GENERAL INFORMATION
fixed length control field 140331s9999 xx 000 0 und d
020 ## - INTERNATIONAL STANDARD BOOK NUMBER
International Standard Book Number 0-465-07509-6
040 ## - CATALOGING SOURCE
Transcribing agency PK-LaUMT
082 ## - DEWEY DECIMAL CLASSIFICATION NUMBER
Classification number 345.730288
Item number LAR-S
100 ## - MAIN ENTRY--PERSONAL NAME
Personal name Larson, Edward J.
245 ## - TITLE STATEMENT
Title Summer for the gods
Statement of responsibility, etc Larson, Edward J.
260 ## - PUBLICATION, DISTRIBUTION, ETC. (IMPRINT)
Date of publication, distribution, etc 1997
300 ## - PHYSICAL DESCRIPTION
Extent 318 p.
546 ## - LANGUAGE NOTE
Language note EN
942 ## - ADDED ENTRY ELEMENTS (KOHA)
Koha item type Books
Holdings
Withdrawn status Lost status Damaged status Not for loan Home library Current library Date acquired Total Checkouts Full call number Barcode Date last seen Price effective from Koha item type
        UMT Main Campus UMT Main Campus 2014-03-31   345.730288 LAR-S 12656 2014-04-21 2014-04-21 Books